000
00240nam a2200097Ia 4500
005
20250424112838.0
008
250424s9999 xx 000 0 und d
300
_a
vii, 299 p. :ill. ; 24 cm.
650
_a
Psychology--Periodicals.
942
_c
SR
999
_c
37472
_d
37472